Yoga/ (Record no. 11778)

MARC details
000 -LEADER
fixed length control field 00599nam a22002177a 4500
005 - DATE AND TIME OF LATEST TRANSACTION
control field 20240301134016.0
008 - FIXED-LENGTH DATA ELEMENTS--GENERAL INFORMATION
fixed length control field 240301b ||||| |||| 00| 0 eng d
020 ## - INTERNATIONAL STANDARD BOOK NUMBER
International Standard Book Number 9789360784188
040 ## - CATALOGING SOURCE
Original cataloging agency IN-DiNC
Transcribing agency IN-DiNC
041 ## - LANGUAGE CODE
Language code of sung or spoken text Assamese
082 ## - DEWEY DECIMAL CLASSIFICATION NUMBER
Classification number 181.45
Item number DEV
100 ## - MAIN ENTRY--PERSONAL NAME
Personal name Devi, Rainy
Relator term Author
245 ## - TITLE STATEMENT
Title Yoga/
Statement of responsibility, etc. by Rainy Devi, Bhrigumoni Nath and Dipom Jyoti Buragohain
250 ## - EDITION STATEMENT
Edition statement 1st imp.
260 ## - PUBLICATION, DISTRIBUTION, ETC.
Place of publication, distribution, etc. Guwahati:
Name of publisher, distributor, etc. Ashok publication,
Date of publication, distribution, etc. 2024.
300 ## - PHYSICAL DESCRIPTION
Extent 112p.
650 ## - SUBJECT ADDED ENTRY--TOPICAL TERM
Topical term or geographic name entry element Yoga
700 ## - ADDED ENTRY--PERSONAL NAME
Personal name Nath, Bhrigumoni
Relator term Author
700 ## - ADDED ENTRY--PERSONAL NAME
Personal name Buragohain, Dipom Jyoti
Relator term Author
942 ## - ADDED ENTRY ELEMENTS (KOHA)
Source of classification or shelving scheme Dewey Decimal Classification
Koha item type Books
Holdings
Withdrawn status Lost status Source of classification or shelving scheme Damaged status Not for loan Collection code Home library Current library Shelving location Date acquired Cost, normal purchase price Total Checkouts Full call number Barcode Date due Date last seen Date last checked out Copy number Price effective from Koha item type
    Dewey Decimal Classification     General Collection Central Library, Naharkatiya College Central Library, Naharkatiya College General Stacks 01/03/2024 150.00 14 181.45 DEV 29771 30/05/2026 12/05/2026 12/05/2026 1 01/03/2024 Books
    Dewey Decimal Classification     General Collection Central Library, Naharkatiya College Central Library, Naharkatiya College General Stacks 01/03/2024 150.00 11 181.45 DEV 29772 20/05/2026 02/05/2026 02/05/2026 2 01/03/2024 Books
    Dewey Decimal Classification     General Collection Central Library, Naharkatiya College Central Library, Naharkatiya College General Stacks 01/03/2024 150.00 14 181.45 DEV 29773 11/04/2026 24/03/2026 24/03/2026 3 01/03/2024 Books

Naharkatiya College © 2020. All rights reserved.

Powered By